Seriál : Finančné trhy pre pokročilých

Vymedzenie základných pojmov, výpočet a ilustračný príklad.

Enregistré dans:
Détails bibliographiques
Auteur principal: Šturc, Boris, 1961-
Format: Chapitre de livre
Langue:slovaque
Sujets:
Tags: Ajouter un tag
Pas de tags, Soyez le premier à ajouter un tag!

MARC

LEADER 00000nla$a2200000$$$4500
001 0070882
005 20240502071840.8
041 0 |a slo 
044 |a SK 
245 1 0 |a Seriál : Finančné trhy pre pokročilých 
520 |a Vymedzenie základných pojmov, výpočet a ilustračný príklad. 
610 2 0 |a trh finančný 
610 2 0 |a pojmy 
610 2 0 |a vzorce 
610 2 0 |a dlhopisy 
100 1 |a Šturc, Boris, 1961-